000 01232nam a2200253Ia 4500
003 Ost
005 20260507075409.0
008 260507s9999||||xx |||||||||||||| ||und||
020 _a6150212977
040 _cfsecg
041 _aara
082 _a330
100 _aإبراهيم، نهى إبراهيم خليل
_eمؤلف
245 0 _aالصناعات الصغيرة ودورها في التنمية الإقتصادية والسياحية /
_c نهى إبراهيم خليل إبراهيم
260 _aالإسكندرية:
_bمؤسسة شباب الجامعة,
_c2009
300 _a262 صفحة؛
_bإيضاحات ؛
_c24 سم
504 _aالمراجع ص.227
520 _aيضم الأوضاع الإقتصادية والثقافية للصناعات الحرفية، أهمية المنتجات الحرفية التذكارية في صناعة السياحة مع الإشارة الخاصة لمصر، المشكلات الإنتاجية والتسويقية للمنتجات الحرفية التذكارية
653 _aالتنمية الإقتصادية
653 _aالحرف اليدوية- مصر
653 _aالسياحة
653 _aالصناعات اليدوية
942 _cكتاب
999 _c44361
_d44361